000 01002nam a2200241Ia 4500
001 dia_1636
003 CHAP
005 20251021153935.0
008 220117s1976 xx 000 0 und d
010 _a172179
040 _cCHAP
082 _a630.72 G65
100 _aGonzalez Romero, Vicente.
_949369
245 _aInventario Nacional de los Recursos Dedicados a la Investigación Científica Agropecuaria en México, por V.G.R. y otros.
260 _aChapingo, Mex., Colegio de Postgraduados. Centro de Estadística y Cálculo.
_c1976
300 _a2V.
505 _aV. Instituciones y Unidades de Investigación. V. 2. Proyectos y Personal Científico.
600 _aAgricultura- Investigación- México. 2. Ganadería-investigación-México. 3. Recursos Humanos. I. E.N.A. Colegio de Postgraduados Centro de Estadística y Cálculo. II.t.
_9151189
901 _a630.72 G65
902 _aM
905 _a0000001976 MEX 0010000000ESP00
942 _cLIBRO
_2ddc
999 _c172179
_d172179